000 00226nam a2200097Ia 4500
999 _c13146
_d13146
100 _aSteve McQuerry
245 0 _aInterconnecting Cisco Network Devices
260 _aNew Delhi
_bMcGraw Hill
_c2017
300 _a442
942 _cBK